000 00324nam a22001217a 4500
020 _a07-047605-5
082 _a621.89 STA'D
100 _aAVALLONE, E.A,BOYD, J,OCANNER, J.J
_977637
245 _aSTANDARD HANDBOOK OF LUBRICATION ENGINEERING
260 _aNEWYORK
_bMCGRAW HILL
_c1960
300 _aXXII, 45-14P
942 _cBK
999 _c582874
_d582874